00614nam a22001697a 450000500170000000800410001704000080005808200170006610000210008324501040010426000270020830000080023565000500024394200150029395201190030899900170042720260520130320.0260520b |||||||| |||| 00| 0 eng d cXYZ a181.482bSAM aSamantaroy Pulak aThe Principles of Jivanmukti in Sankara's Philosophy: Insights for an Indian Christian Spirituality aNew DelhibISPCKc2026 a224 2Advaita Vedà„nta in relation to Christianity 2ddccBKn0 00102ddc4070aHMIbHMIcGENd2026-05-20eDirectorg450.00l0o181.482 SAMp11004964r2026-05-20w2026-05-20yBK c23728d23728